Rozvíjení organizačních struktur řízení ekonomik členských zemí RVHP

Guardado en:
Detalles Bibliográficos
Autor principal: Čípek, Karel
Otros Autores: Košťálová, Zora, Tišanská, Galina
Formato: Libro
Lenguaje:checo
Publicado: Praha Ústřední ústav národohospodářského výzkumu 1984
Etiquetas: Agregar Etiqueta
Sin Etiquetas, Sea el primero en etiquetar este registro!

MARC

LEADER 00000nam a2200000 4500
001 c106903
005 20170629110018.8
041 0 |a cze 
044 |a CZ 
245 1 0 |a Rozvíjení organizačních struktur řízení ekonomik členských zemí RVHP  |c Karel Čípek, Zora Košťalová, Galina Tišanská 
264 1 |a Praha  |b Ústřední ústav národohospodářského výzkumu  |c 1984 
300 |a 92 s. 
100 1 |a Čípek, Karel 
700 1 |a Košťálová, Zora 
700 1 |a Tišanská, Galina